| 000 | 00532nam a22001937a 4500 | ||
|---|---|---|---|
| 003 | OSt | ||
| 005 | 20180130172942.0 | ||
| 008 | 180130b xxu||||| |||| 00| 0 eng d | ||
| 020 | _a9789350903315 | ||
| 040 | _c040a | ||
| 082 |
_aWY 100 _bS57t 2013 |
||
| 100 |
_aSoni, Samta _912392 |
||
| 245 |
_aTextbook of Advance nursing practice / _cSamta Soni |
||
| 260 |
_aNew Delhi _bJaypee Brothers Medical publishers _c2013 |
||
| 300 |
_axv, 656p; _bill : _c20 cm. |
||
| 504 | _aIncludes index | ||
| 650 |
_aNursing _9135 |
||
| 942 |
_2z _cSLOAN |
||
| 999 |
_c5977 _d5977 |
||